000 00279nam a2200121Ia 4500
008 220204s9999 xx 000 0 und d
082 _a802
_bCOL
100 _aCollins, V H
245 0 _aBook of English idioms
250 _aEd.3
260 _aLondon
_bLongman
_c1958
942 _cBK
999 _c23500
_d23500